Word Ladder: Mario Princesses Quiz Stats

 Plays Quiz Updated Feb 17, 2015

Challenge
Share
Tweet
Embed
Score 0/13 Timer 01:30
3 Plays Today
Clue 5-Letter Word % Correct
Rowling's PotterHARRY
92.3%
Princess of Mushroom Kingdom OR a tree fruitPEACH
91.8%
Milk's food groupDAIRY
91.8%
Singer Manilow or WhiteBARRY
90.1%
Result of a treatyPEACE
89.4%
Tasty fruit from a bush or shrubBERRY
89%
Princess of Sarasaland OR a flowerDAISY
85.4%
HirsuteHAIRY
84.9%
Make fun ofTEASE
75.4%
____ Porridge HotPEASE
73%
Crews of 'Brooklyn Nine-Nine'TERRY
71.4%
Short, in speechTERSE
66.4%
___ Haute, IndianaTERRE
66.3%

Today's Daily Dose

Missing Word
Hayao Miyazaki

Word Ladder
Florida

On This Day
December 13th II

You're not logged in!

Compare scores with friends on all Sporcle quizzes.
OR
Log In

You Might Also Like...

Show Comments

Extras

Top Quizzes Today


Score Distribution

Your Account Isn't Verified!

In order to create a playlist on Sporcle, you need to verify the email address you used during registration. Go to your Sporcle Settings to finish the process.

Report this User

Report this user for behavior that violates our Community Guidelines.

Details: